Countries Which Start and End with the Same Letter - Statistics

General Stats
  • This quiz has been taken 129 times
    128 since last reset
  • The average score is 13 of 15
Answer Stats
Continent Start Country End % Correct
Europe A Albania a
97%
Europe A Andorra a
96%
South America A Argentina a
95%
Oceania A Australia a
94%
North America A Antigua and Barbuda a
93%
Asia A Armenia a
91%
Europe A Austria a
91%
Africa A Algeria a
90%
Africa A Angola a
88%
North America S Saint Kitts and Nevis s
85%
Oceania S Solomon Islands s
82%
Africa S Seychelles s
81%
North America S Saint Vincent and the Grenadines s
79%
Europe C Czech Republic c
73%
Africa C Central African Republic c
71%
No matching quizzes found
Score Distribution
Percent of People with Each Score
Percentile by Number Answered
Your Score History
You have not taken this quiz since the last reset